Responses for Show #9000 - Friday, December 22, 2023

2023-2024 Second Chance competition week 1, final game 1.

Contestants

[<< previous game]

Iris Masucci, a pharmacist from Rockville, Maryland

Jason Carpenter, a stand-up comic from Santa Rosa Valley, California

Juveria Zaheer, a psychiatrist from Whitby, Ontario, Canada

[next game >>]

Jeopardy! Round responses

CHICAGO
WEATHER IN THE BOOKSTORE
FOLLOW THE "MONEY"
HISTORICAL AMERICAN GOVERNORS
GOING SOFT
CAROLS
    $200 28
St. Patrick's Day

Jason
    $200 11
(Ken: That's correct, those are the first two words of the Sesame Street theme.)

Sunny Day

Iris
    $200 30
Moneyball

Jason
    $200 23
California

Juveria
    $200 29
cashmere

Iris
    $200 25
"Silent Night"

Iris
    $400 27
(Iris: What is [*] Tower?)

Sears

Iris
    $400 10
snowy

Juveria
    $400 16
money laundering

Juveria
    $400 22
Young

Juveria
    $400 26
(Jason: What is kid gloves?)

a soft spot

JuveriaJason
    $400 24
figgy pudding

Juveria
    $600 5
Phil Jackson

Iris
    $600 9
fog

Juveria
    $600 19
your money maker

Iris
    $600 2
The Scarlet Letter

Juveria
    $600 18
Squishmallows

Jason
    $600 12
Do you hear what I hear?

Iris
    $800 4
Humphrey

Juveria
    $800 7
a high wind

Juveria
    $800 20
money-grubber

Iris
    $800 1
the Museum of Natural History

Juveria
    $800 17
Cottonelle

Juveria
    $800 13
(Juveria: What is... "Away In The Manger"?)

"It Came Upon A Midnight Clear"

JuveriaIris
    $1,000 6
Grant Park

Iris
    $1000 8
the Rain King

Juveria
    $1000 21
a money clip

Juveria
    $1000 3
Governor Connally

Jason
    $1000 15
(Iris: What is peat?)

loam

JasonIris
    $1000 14
Good King Wenceslas

Juveria

Scores at the first commercial break (after clue 15):

Juveria Jason Iris
$5,200 $2,000 $2,200

Scores at the end of the Jeopardy! Round:

Juveria Jason Iris
$8,800 $2,600 $4,400

Double Jeopardy! Round responses

BODIES OF WATER
MOVIE INSPIRATIONS
CONTEMPORARIES
NEW TO THE OED
BIOLOGY
CAROLS
    $400 25
the Thames

Juveria
    $400 26
(Ken: Yeah, ripped from the headlines.)
[Juveria did not include the leading article in her response.]

A Nightmare on Elm Street

Juveria
    $400 27
Franklin

Iris
    $400 28
a gummy

Juveria
    $400 29
a host

Juveria
    $400 30
(Ken: That is the great [*], yes.)

Carol Burnett

Iris
    $800 5
the Ganges

Juveria
    $800 24
(Robert) Pattinson

Juveria
    $800 19
Pocahontas

Jason
    $800 23
cosplay

Juveria
    $800 10
an amphibian

Jason
    $800 21
the long jump

Jason
    $1200 2
the Persian Gulf

Juveria
    $1200 1
Stand By Me

Juveria
    $10,000 7
Handel

Juveria
    $1200 22
mainstream media

Iris
    $1200 9
its genome

Triple Stumper
    $1200 20
Romania

Juveria
    $1600 3
Lake Baikal

Juveria
    $1600 14
(Jason: What is a purge?)

The Purge

Jason
    $1600 11
Robespierre

Juveria
    $1600 15
the greater good

Triple Stumper
    $10,000 4
placental

Juveria
    $1600 18
(Ken: One of my favorite movies, [*].)

The Third Man

Triple Stumper
    $2000 6
the Bay of Fundy

Juveria
    $2000 13
The Royal Tenenbaums

Juveria
    $2000 12
Shah Jahan

Jason
    $2000 16
an atmospheric river

Triple Stumper
    $2000 8
a paramecium

Juveria
    $2000 17
Carol Moseley Braun

Jason

Scores at the end of the Double Jeopardy! Round:

Juveria Jason Iris
$45,600 $10,600 $6,400

Final Jeopardy! Round responses

THE 20th CENTURY
(Ken: [To Iris] I'd love to imagine an alternate history where Stalin flees to Canada--opens a store or a laundry or something.)
...
(Ken: [To Jason] The new and untested prime minister of Britain Hitler didn't have a lot of faith in.)
IrisWho is Stalin?
$4,000
JasonWho is Winston Churchill???
$5,600
JuveriaWho is Winston Churchill?
$5,600
Winston Churchill

Final scores:

Juveria Jason Iris
$51,200 $16,200 $2,400

Game dynamics:

Coryat scores:

Juveria Jason Iris
$28,400 $10,600 $6,400
32 R
(including 2 DDs),
1 W
11 R,
1 W
13 R
(including 1 DD),
1 W

Combined Coryat: $45,400

[game clues] [game scores] [suggest correction]

Game tape date: 2023-11-28
The J! Archive is created by fans, for fans. Scraping, republication, monetization, and malicious use prohibited; this site may use cookies and collect identifying information. See terms. The Jeopardy! game show and all elements thereof, including but not limited to copyright and trademark thereto, are the property of Jeopardy Productions, Inc. and are protected under law. This website is not affiliated with, sponsored by, or operated by Jeopardy Productions, Inc. Join the discussion at JBoard.tv.